01040cam a2200301 4500003000900000005001700009020001500026035002700041035001800068035001800086041000700104044000700111082001500118100003100133245006100164264002800225300004500253504004200298505025600340526000900596526000900605526000800614526000800622526000800630600003000638650003900668700003100707PE-LiUPU20250731183437.0 a8837031815 a(Sirsi) i9788837031817 a(Sirsi) 48397 a(Sirsi) 48397 ait ait04a720.9bR581 aRiggen Martínez, Antonio aLuis Barragán, 1902-1988 /cAntonio Riggen Martínez. 1aMilano :bElecta,c1996 a255 páginas :bilustraciones ;c29 cm. aIncluye referencias bibliográficas.0 aIl baleno della bellezza -- Introduzione a Barragán -- Guadalajara, tapatíos, mediterraneitá (1924 -- 1934) La villa per Efraín González Luna -- Bargán e la sua cittá (1945 -- 1952) Los jardines del pedregal -- Alla ricerca di Minguilla. aP158 aP146 aP17 aP12 aP06 aBarragan, Luisd1902-198814aArquitectoszMéxicovBiografía1 aBarragan, Luisd1902-1988.